<The> Council of Europe Achievements and Activities

Gespeichert in:
Bibliographische Detailangaben
Format: Buch
Sprache:Englisch
Veröffentlicht: Strasbourg Council of Europe 1993
Schlagworte:
Tags: Tag hinzufügen
Keine Tags, Fügen Sie das erste Tag hinzu!

MARC

LEADER 00000nam a2200000 4500
001 c016049
005 20250606073708.9
041 0 |a eng 
044 |a FR 
245 1 0 |a <The> Council of Europe  |b Achievements and Activities 
264 1 |a Strasbourg  |b Council of Europe  |c 1993 
300 |a 58 s. 
610 2 0 |a Rada Európy